Millennium Bug buildings check. (Record no. 60427)
[ view plain ]
| 000 -LEADER | |
|---|---|
| fixed length control field | 00822cam a2200169 4500 |
| 001 - CONTROL NUMBER | |
| control field | ABS60778 |
| 008 - FIXED-LENGTH DATA ELEMENTS--GENERAL INFORMATION | |
| fixed length control field | 000000n1999 000 0 eng u |
| 035 ## - SYSTEM CONTROL NUMBER | |
| System control number | (Sirsi) u101274 |
| 245 ## - TITLE STATEMENT | |
| Title | Millennium Bug buildings check. |
| 260 ## - PUBLICATION, DISTRIBUTION, ETC. | |
| Date of publication, distribution, etc. | 1999 |
| 490 ## - SERIES STATEMENT | |
| Series statement | Premises and Facilities Management |
| Volume/sequential designation | June 1999 (12) |
| 520 ## - SUMMARY, ETC. | |
| Summary, etc. | A supplement produced as a guide for building managers and managing agents which gives a checklist of building systems such as heating ventilation and air conditioning, and fire/gas detection and indicates how they could be affected by the Millennium Bug. Includes a section on contractual responsibilities and possible repercussions of the Bug. |
| 650 ## - SUBJECT ADDED ENTRY--TOPICAL TERM | |
| Topical term or geographic name entry element | MILLENNIUM BUG |
| 650 ## - SUBJECT ADDED ENTRY--TOPICAL TERM | |
| Topical term or geographic name entry element | FACILITIES MANAGEMENT |
| 9 (RLIN) | 6240 |
| 690 ## - LOCAL SUBJECT ADDED ENTRY--TOPICAL TERM (OCLC, RLIN) | |
| Topical term or geographic name as entry element | MANAGEMENT-BUSINESS MANAGEMENT-INFORMATION MANAGEMENT |
| 942 ## - ADDED ENTRY ELEMENTS (KOHA) | |
| Suppress in OPAC | 0 |
| Withdrawn status | Lost status | Source of classification or shelving scheme | Damaged status | Not for loan | Home library | Current library | Shelving location | Date acquired | Total Checkouts | Full call number | Barcode | Date last seen | Copy number | Price effective from | Koha item type |
|---|---|---|---|---|---|---|---|---|---|---|---|---|---|---|---|
| Dewey Decimal Classification | London | London | Journal article | 03/11/1999 | ABS60778 | 101274-1001 | 06/08/2019 | 1 | 06/08/2019 | Journal article |